03972cam a2200433 i 4500952014500000952014500145952014500290999001700435001000900452003000900461005001700470008004100487010001700528020003100545020003100576040003300607042000800640043003000648050002500678082003600703100003700739245005300776264004900829300005200878336002600930337002800956338002700984490004801011504006701059520200801126651003703134651003703171651004403208651004403252651003503296776015003331906004503481942001203526 00102ddc40708NFICaASLbASLcGENd2022-05-10eASB Library Collectionl0o327.51054 KAIp116767r2022-05-10 00:00:00tC-1w2022-05-10yBK 00102ddc40708NFICaASLbASLcGENd2022-05-10eASB Library Collectionl0o327.51054 KAIp116768r2022-05-10 00:00:00tC-2w2022-05-10yBK 00102ddc40708NFICaASLbASLcGENd2022-05-10eASB Library Collectionl0o327.51054 KAIp116769r2022-05-10 00:00:00tC-3w2022-05-10yBK c28726d2872622297252BDDh-ASL20231015030948.0211103s2021 nyuab b 001 0 eng  a 2021049962 a9781685071202q(hardcover) z9781685072155q(adobe pdf) aDLCbengcDLCdDLCdBDDh-ASL apcc aa-cc---aa-ii---aas-----00aDS740.5.I5bK37 202100a327.51054223/eng/20211103bKAI1 aKarim, Mohammad Aminul,eauthor.10aIs China encircling India? /cMohd Aminul Karim. 1aNew York :bNOVA Science Publishers,c[2021] axix, 219 pages :billustrations, maps ;c23 cm. atextbtxt2rdacontent aunmediatedbn2rdamedia avolumebnc2rdacarrier0 aAsian political, economic and social issues aIncludes bibliographical references (pages 187-206) and index. a"Encircling India from different flanks is seemingly a key strategic objective of China, apart from others. China needs dominance in this part of the world both for economic and strategic reasons. China wants to regain its lost grandeur that it lost during the 'Century of Humiliation' on the world stage. Southeast Asia is generally under China's influence, by means foul or fair. It could even manage the Philippines after it got a verdict in its favor in the international court on an issue related to the South China Sea. China's economic power is impacting its relations with Southeast Asian countries. Given the recent conflict between China and India, India is more likely to align itself with the United States. India is a strong partner in the Quadrilateral Dialogue (QUAD), alongside Japan, the United States, and Australia. The QUAD is getting stronger militarily, and the U.S. has been generous to India, especially under former President George W. Bush, who signed a civil nuclear agreement that set India as a nuclear power. India is likely to become a potent naval force in the Indian Ocean, where China is also making advances. China is now more closely aligned with Russia. The combined forces of China and Russia are a great deterrent to the United States. Added to that, the Bridge and Road Initiative (BRI) is drawing more countries across Asia, Africa, Europe, and the Middle East. The coming decade won't be divided by an iron curtain but clearly by two blocks vying for influence. China has huge economic and proximity advantage whereas the United States has its military component and potent alliance powers especially with India and Japan. After the pandemic, the turn of history may be different, so the 21st century scenario development may be problematic as it stands now. That said, the book attempts projection and scenario development extrapolating the vexed issues and events between India and China within the broader framework of Indo-Pacific"--cProvided by publisher. 0aChinaxForeign relationszIndia. 0aIndiaxForeign relationszChina. 0aChinaxForeign relationsy21st century. 0aIndiaxForeign relationsy21st century. 0aSouth AsiaxStrategic aspects.08iOnline version:aKarim, Mohammad Aminul.tIs China encircling India?dNew York : NOVA Science Publishers, [2021]z9781685072155w(DLC) 2021049963 a7bcbccorignewd1eecipf20gy-gencatlg 2ddccBK